000 00830nam a2200229Ia 4500
008 130821s2005 ck gr spa
020 _a9587092481
040 _aCo-BoUCM
_bspa
041 0 0 _aspa
100 1 _aChaparro, Camilo
_9126666
245 1 0 _aHistoria del Cartel de Cali
_cCamilo Chaparro
260 _aBogotá (Colombia)
_bIntermedio Editores
_c2005
300 _a317 páginas
504 _aIncluye bibliografía.
600 _aRodríguez Orejuela, Gilberto
_vEntrevistas
_9162529
610 7 _aCartel de Cali
_93347
650 0 4 _aNarcotráfico
_xHistoria
_zCali (Valle del Cauca, Colombia)
_920085
650 0 4 _aNarcotráfico
_zCali (Valle del Cauca, Colombia)
_xInvestigaciones
_920085
650 0 4 _aProblemas sociales
_922324
942 _cLIBRO
_a6
_e1
_mC462h
_2DEWEY
_h363.45
999 _c48483
_d48483